<?xml version="1.0" encoding="UTF-8"?>
<record
    xmlns:xsi="http://www.w3.org/2001/XMLSchema-instance"
    xsi:schemaLocation="http://www.loc.gov/MARC21/slim http://www.loc.gov/standards/marcxml/schema/MARC21slim.xsd"
    xmlns="http://www.loc.gov/MARC21/slim">

  <leader>01036ntm a2200253 a 4500</leader>
  <controlfield tag="001">75741</controlfield>
  <controlfield tag="003">BD-RjUL</controlfield>
  <controlfield tag="005">20211209082732.0</controlfield>
  <controlfield tag="008">190626s2016    bg a|||| bm|| 00| 0 eng d</controlfield>
  <datafield tag="035" ind1=" " ind2=" ">
    <subfield code="a">(BD-RjUL)75960</subfield>
  </datafield>
  <datafield tag="040" ind1=" " ind2=" ">
    <subfield code="a">BD-RjUL</subfield>
    <subfield code="b">eng</subfield>
    <subfield code="c">BD-RjUL</subfield>
    <subfield code="d">BD-RjUL</subfield>
  </datafield>
  <datafield tag="041" ind1=" " ind2=" ">
    <subfield code="a">eng</subfield>
  </datafield>
  <datafield tag="082" ind1=" " ind2=" ">
    <subfield code="2">23</subfield>
    <subfield code="a">633.118</subfield>
    <subfield code="b">SIS 2016</subfield>
  </datafield>
  <datafield tag="100" ind1="1" ind2=" ">
    <subfield code="a">Siddiq, Md. Abu Bakkar</subfield>
    <subfield code="9">232042</subfield>
  </datafield>
  <datafield tag="245" ind1="1" ind2="0">
    <subfield code="a">studies on some quantitative characters of wheat (Triticum aestivum L.) cultivars interacting among varieties, Irrigations and sowing times /</subfield>
    <subfield code="c">by  Md. Abu Bakkar Siddiq  ;</subfield>
    <subfield code="6">Supervisor: Md. Abul Kalam Azad</subfield>
  </datafield>
  <datafield tag="260" ind1=" " ind2=" ">
    <subfield code="a">Rajshahi :</subfield>
    <subfield code="b">Department of Crop Science and Tecnology, University of Rajshahi,</subfield>
    <subfield code="c">2016</subfield>
  </datafield>
  <datafield tag="300" ind1=" " ind2=" ">
    <subfield code="a">xx, 358 leaves :</subfield>
    <subfield code="b">Ill. ;</subfield>
    <subfield code="c">29 cm.</subfield>
  </datafield>
  <datafield tag="502" ind1=" " ind2=" ">
    <subfield code="a">Thesis (Ph. D.) -- Department of Crop Science and Tecnology, University of Rajshahi,  2016</subfield>
  </datafield>
  <datafield tag="504" ind1=" " ind2=" ">
    <subfield code="a">References: Leaves [309]-358</subfield>
  </datafield>
  <datafield tag="504" ind1=" " ind2=" ">
    <subfield code="a">Reports: leaf 218</subfield>
  </datafield>
  <datafield tag="650" ind1=" " ind2=" ">
    <subfield code="a">Wheat</subfield>
    <subfield code="x">Research</subfield>
    <subfield code="9">232044</subfield>
  </datafield>
  <datafield tag="700" ind1=" " ind2=" ">
    <subfield code="a">Azad, Md. Abul Kalam, Supervisor</subfield>
    <subfield code="9">232043</subfield>
  </datafield>
  <datafield tag="942" ind1=" " ind2=" ">
    <subfield code="2">ddc</subfield>
    <subfield code="c">THE</subfield>
  </datafield>
  <datafield tag="999" ind1=" " ind2=" ">
    <subfield code="c">75741</subfield>
    <subfield code="d">75741</subfield>
  </datafield>
  <datafield tag="952" ind1=" " ind2=" ">
    <subfield code="0">0</subfield>
    <subfield code="1">0</subfield>
    <subfield code="2">ddc</subfield>
    <subfield code="4">0</subfield>
    <subfield code="7">1</subfield>
    <subfield code="8">THESES</subfield>
    <subfield code="a">RUCL</subfield>
    <subfield code="b">RUCL</subfield>
    <subfield code="c">Doc/The</subfield>
    <subfield code="d">2018-01-03</subfield>
    <subfield code="e">Controller of Examination Office, R. U.</subfield>
    <subfield code="l">0</subfield>
    <subfield code="o">THE 633.118 SIS 2016</subfield>
    <subfield code="r">2019-06-26 00:00:00</subfield>
    <subfield code="t">C-1</subfield>
    <subfield code="w">2019-06-26</subfield>
    <subfield code="y">THE</subfield>
  </datafield>
</record>
